[Event "XIII Dos Hermanas"]
[Site "Dos Hermanas ESP"]
[Date "2005.04.01"]
[EventDate "2005.04.01"]
[Round "1"]
[Result "1-0"]
[White "Sergey Karjakin"]
[Black "Ruben Felgaer"]
[WhiteElo "2635"]
[BlackElo "2593"]
[PlyCount "168"]

1. e4 c5 2. Nf3 Nc6 3. d4 cxd4 4. Nxd4 Nf6 5. Nc3 e5 6. Ndb5
d6 7. Bg5 a6 8. Na3 b5 9. Bxf6 gxf6 10. Nd5 f5 11. Bd3 Be6
12. O-O Bxd5 13. exd5 Ne7 14. Re1 Bg7 15. c3 O-O 16. Qh5 e4
17. Bf1 Re8 18. Nc2 Nxd5 19. Qxf5 Re5 20. Qg4 f5 21. Qd1 Kh8
22. a4 bxa4 23. Rxa4 Qb6 24. Rd4 Nc7 25. Ne3 d5 26. Nxd5 Nxd5
27. Rxd5 Qxb2 28. Rxe5 Bxe5 29. Qd5 Re8 30. Qf7 Qb8 31. Qxf5
Bxh2+ 32. Kh1 Qf4 33. Qd7 Rf8 34. Qd4+ Qe5 35. Bxa6 Qxd4
36. cxd4 Bc7 37. Kg1 Re8 38. Bb5 Rd8 39. Rxe4 Bb6 40. g3 Bxd4
41. Kg2 Bf6 42. f4 Rb8 43. Bc4 Kg7 44. Kf3 Rb4 45. g4 h6
46. Ke3 Ra4 47. Kd3 Ra3+ 48. Kd2 Ra4 49. Kc2 Rb4 50. Kd3 Rb8
51. Bd5 Rd8 52. Kc4 Rc8+ 53. Kb5 Rc1 54. Ra4 Be7 55. Be6 Rc5+
56. Kb6 Rc1 57. Re4 Bf6 58. Bc4 Rc2 59. Kc5 Rf2 60. Bd5 Rd2
61. Ra4 Be7+ 62. Kc6 Rd1 63. Ra7 Re1 64. Rb7 Kf6 65. Rb6 Kg7
66. Kd7 Bh4 67. Rb8 Re7+ 68. Kd6 Re1 69. Rb7+ Kh8 70. Be6 Bg3
71. Ke7 Kg7 72. f5 Bh4+ 73. Kd6+ Kh8 74. Rf7 Rd1+ 75. Bd5 Rd4
76. f6 Bxf6 77. Rxf6 Rxg4 78. Rf7 h5 79. Ke5 Rg5+ 80. Ke6 Rg1
81. Ra7 Rg6+ 82. Kf5 Rd6 83. Be6 Rb6 84. Kf6 Rb1 1-0

[Event "6th European Individual Championship"]
[Site "Warsaw POL"]
[Date "2005.06.25"]
[EventDate "2005.06.18"]
[Round "7"]
[Result "1-0"]
[White "Sergey Karjakin"]
[Black "Karen Asrian"]
[WhiteElo "2635"]
[BlackElo "2611"]
[PlyCount "121"]

1. e4 c6 2. d4 d5 3. Nc3 dxe4 4. Nxe4 Bf5 5. Ng3 Bg6 6. h4 h6
7. Nf3 Nd7 8. h5 Bh7 9. Bd3 Bxd3 10. Qxd3 Qc7 11. Bd2 e6
12. O-O-O Ngf6 13. Ne4 O-O-O 14. g3 Nxe4 15. Qxe4 Bd6 16. Kb1
c5 17. dxc5 Nxc5 18. Qc4 Rd7 19. Bc3 e5 20. Rd5 f6 21. Rhd1
Rhd8 22. Nh4 Bf8 23. b3 Qc6 24. Rxd7 Rxd7 25. Rxd7 Nxd7
26. Qxc6+ bxc6 27. Nf5 Nb6 28. Bd2 Kd7 29. c4 Ke6 30. g4 e4
31. Nd4+ Kd7 32. Kc2 Nc8 33. Bf4 Bd6 34. Bxd6 Kxd6 35. Kd2 Ne7
36. Ke3 c5 37. Nb5+ Ke5 38. Nxa7 f5 39. gxf5 Nxf5+ 40. Ke2
Nd4+ 41. Kf1 Nc2 42. a4 Nd4 43. a5 Nxb3 44. a6 Kd6 45. Ke2 Na5
46. Nb5+ Kc6 47. Nd6 Kb6 48. Ke3 Kxa6 49. Kxe4 Nc6 50. Nf5 Ka5
51. Nxg7 Kb4 52. Nf5 Kxc4 53. Nxh6 Nd8 54. Ke5 Kd3 55. Kf6 c4
56. Nf5 c3 57. Ne3 Nb7 58. h6 Nd6 59. h7 Ne4+ 60. Ke7 Nxf2
61. h8=Q 1-0

[Event "6th European Individual Championship"]
[Site "Warsaw POL"]
[Date "2005.06.26"]
[EventDate "2005.06.18"]
[Round "8"]
[Result "0-1"]
[White "Levan Pantsulaia"]
[Black "Sergey Karjakin"]
[WhiteElo "2496"]
[BlackElo "2635"]
[PlyCount "64"]

1. Nf3 c5 2. c4 Nc6 3. g3 e5 4. Nc3 g6 5. Bg2 Bg7 6. O-O d6
7. a3 Nge7 8. d3 O-O 9. Ne1 Be6 10. Nd5 Rb8 11. Nc2 b5 12. Rb1
a5 13. Bd2 a4 14. Nxe7+ Nxe7 15. Ne3 f5 16. f4 Qd7 17. cxb5
exf4 18. gxf4 Ba2 19. Qxa4 Bxb1 20. Qb3+ Kh8 21. a4 g5
22. Rxb1 gxf4 23. Nd5 Qe6 24. Bf3 Ng6 25. Qc4 Bd4+ 26. Kh1 Ne5
27. Qc2 Nxf3 28. Nxf4 Qe5 29. exf3 Rg8 30. Qc4 Rbe8 31. h3 Qg7
32. Rf1 Qg3 0-1

[Event "6th European Individual"]
[Site "Warsaw POL"]
[Date "2005.07.01"]
[EventDate "2005.06.18"]
[Round "13"]
[Result "0-1"]
[White "Sang Cao"]
[Black "Sergey Karjakin"]
[WhiteElo "2488"]
[BlackElo "2635"]
[PlyCount "100"]

1. d4 d5 2. Bg5 h6 3. Bh4 c6 4. e3 Qb6 5. b3 e5 6. Nf3 e4
7. Nfd2 Ne7 8. c4 Nf5 9. Bg3 Nxg3 10. hxg3 Be6 11. a3 Nd7
12. Nc3 Be7 13. Be2 O-O 14. b4 f5 15. Nb3 Qd8 16. Rc1 Nf6
17. Qd2 b6 18. cxd5 cxd5 19. Ba6 Bc8 20. Bb5 a6 21. Bc6 Ra7
22. Na1 b5 23. Nb3 Kh7 24. Na2 Qb6 25. Na5 Be6 26. Rc3 Bd6
27. Bb7 Rb8 28. Bc6 Rc8 29. O-O Rac7 30. Rfc1 Rb8 31. R1c2 Ng8
32. Nc1 Ne7 33. Ncb3 Rf8 34. Qc1 g5 35. Nc5 Bc8 36. Bb7 Bxb7
37. Ncxb7 Rxb7 38. Nxb7 Qxb7 39. Rc7 Qb8 40. Rd7 Kg6 41. Rc6
Nxc6 42. Qxc6 Rd8 43. Rb7 Qc8 44. Qb6 f4 45. Qa7 Qc1+ 46. Kh2
fxg3+ 47. fxg3 Kh5 48. Rd7 Bxg3+ 49. Kxg3 Qxe3+ 50. Kh2 Qf4+
0-1

[Event "Russian Club Cup"]
[Site "Sochi RUS"]
[Date "2006.04.25"]
[EventDate "2006.04.20"]
[Round "6"]
[Result "0-1"]
[White "Andrei Volokitin"]
[Black "Sergey Karjakin"]
[WhiteElo "2660"]
[BlackElo "2661"]
[PlyCount "94"]

1. e4 c5 2. Nf3 d6 3. d4 cxd4 4. Nxd4 Nf6 5. Nc3 a6 6. a4 e5
7. Nf3 Qc7 8. Bg5 Nbd7 9. Nd2 h6 10. Bxf6 Nxf6 11. Bc4 Be6
12. Qe2 Be7 13. O-O O-O 14. Rfd1 Rac8 15. Bb3 Qc6 16. Nf1 Bd8
17. a5 Qc5 18. Bxe6 fxe6 19. Nd2 Bc7 20. Kh1 d5 21. Nb3 Qc6
22. f3 Bd6 23. Rd2 Rfe8 24. Rc1 Bb4 25. Rd3 d4 26. Na2 Be7
27. c3 Qa4 28. Qc2 Nd7 29. Ra1 Qb5 30. Nac1 dxc3 31. bxc3 Nb8
32. Nd2 Nc6 33. Qb3 Qxb3 34. Ncxb3 Red8 35. Rxd8+ Rxd8 36. Kg1
Bg5 37. Nf1 Rd3 38. Nc5 Rxc3 39. Nxb7 Nd4 40. Rb1 Nb5 41. Rd1
Rc7 42. f4 Bxf4 43. Nd8 Nd4 44. Rb1 Bg5 45. Rb8 Kh7 46. Kf2 h5
47. Ne3 Rd7 0-1

[Event "Youth - Experience"]
[Site "Amsterdam NED"]
[Date "2006.08.28"]
[EventDate "2006.08.19"]
[Round "9"]
[Result "1-0"]
[White "Sergey Karjakin"]
[Black "Artur Yusupov"]
[WhiteElo "2679"]
[BlackElo "2617"]
[PlyCount "89"]

1. e4 e6 2. d4 d5 3. Nc3 Bb4 4. e5 Ne7 5. a3 Bxc3+ 6. bxc3 c5
7. Qg4 O-O 8. Bd3 Nbc6 9. Qh5 Ng6 10. Nf3 Qc7 11. Be3 Nce7
12. h4 Bd7 13. Rb1 b6 14. Qg4 f5 15. Qh3 cxd4 16. cxd4 Ba4
17. h5 Nh8 18. Bd2 Rac8 19. Qh4 Qd7 20. Rb2 Nc6 21. g4 Qe7
22. Qxe7 Nxe7 23. Ng5 Bd7 24. Bb4 Rfe8 25. Bxe7 Rxe7 26. gxf5
exf5 27. Nh3 Be6 28. Nf4 Kf7 29. Kd2 Rd7 30. a4 Ke7 31. a5
bxa5 32. Ra2 Nf7 33. Rg1 Rg8 34. Nxe6 Kxe6 35. Rxa5 Rb8
36. Ra6+ Rb6 37. Rxb6+ axb6 38. Bb5 Re7 39. Rxg7 Nh6 40. Rxe7+
Kxe7 41. f3 Nf7 42. Ke3 Ng5 43. Bd3 Ke6 44. c3 h6 45. Bc2 1-0

[Event "Spanish Team Championship"]
[Site "San Sebastian ESP"]
[Date "2006.09.13"]
[EventDate "2006.09.13"]
[Round "1"]
[Result "0-1"]
[White "Enrique Rodriguez Guerrero"]
[Black "Sergey Karjakin"]
[WhiteElo "2440"]
[BlackElo "2679"]
[PlyCount "88"]

1. e4 c5 2. Nf3 d6 3. d4 cxd4 4. Nxd4 Nf6 5. Nc3 a6 6. Qe2 Qc7
7. Be3 e5 8. Nb3 Be7 9. O-O-O Be6 10. Nd5 Bxd5 11. exd5 h5
12. Kb1 Nbd7 13. h4 Rc8 14. c4 a5 15. a3 Ng4 16. Rh3 Nxe3
17. Qxe3 g6 18. Be2 a4 19. Nc1 f5 20. Na2 Nc5 21. Qg3 Kf7
22. Rhh1 Bf6 23. Rd2 e4 24. f4 Qa5 25. Qe3 Be5 26. g3 Nb3
27. Rdd1 Qc5 28. Qxc5 Rxc5 29. Nc3 Bxc3 30. bxc3 Rhc8 31. Kc2
b5 32. Rh2 Na5 33. Rd4 Nxc4 34. Bxc4 Rxc4 35. Rxc4 Rxc4
36. Rh1 Ke7 37. Rb1 Rc5 38. Rd1 Kd7 39. Rd4 Kc7 40. Rd1 Kb6
41. Rd2 Rc4 42. Rd1 Kc5 43. Rb1 e3 44. Kd3 e2 0-1

[Event "Spanish Team Championship"]
[Site "San Sebastian ESP"]
[Date "2006.09.16"]
[EventDate "2006.09.13"]
[Round "4"]
[Result "0-1"]
[White "Marco Antonio Fernandez Gil"]
[Black "Sergey Karjakin"]
[WhiteElo "2241"]
[BlackElo "2679"]
[PlyCount "152"]

1. e4 c5 2. Nf3 d6 3. d4 cxd4 4. Nxd4 Nf6 5. Nc3 a6 6. Be3 e5
7. Nb3 Be6 8. f3 h5 9. Qd2 Nbd7 10. a4 Be7 11. a5 Rc8 12. Be2
Qc7 13. O-O O-O 14. Rfc1 h4 15. Nd5 Nxd5 16. exd5 Bf5 17. c4
Rfe8 18. Bd3 Bxd3 19. Qxd3 Qd8 20. Nd2 Bg5 21. Ne4 Bxe3+
22. Qxe3 Qe7 23. Qg5 Qxg5 24. Nxg5 Kf8 25. b4 Ke7 26. Ra3 Red8
27. Kf2 Nf8 28. Rd3 f6 29. Ne4 f5 30. Nd2 Nd7 31. Nf1 g6
32. Ne3 Nf6 33. Rdd1 Kf8 34. Ke2 Rd7 35. Kd3 Rdc7 36. Rd2 f4
37. Ng4 e4+ 38. Kd4 e3 39. Re2 Nh5 40. c5 Ng7 41. Nh6 dxc5+
42. bxc5 Rd8 43. d6 Rxd6+ 44. cxd6 Rxc1 45. Ke5 g5 46. Kf6 Rc6
47. Nf5 Nxf5 48. Kxf5 Rxd6 49. Kxg5 Rd2 50. Re1 Rxg2+ 51. Kxf4
Rxh2 52. Rxe3 Rg2 53. Rb3 Rg7 54. Rb1 Rh7 55. Kg4 h3 56. Kg3
h2 57. Kg2 Rh5 58. Kh1 Rb5 59. Rc1 Ke8 60. Rc7 Kd8 61. Rg7 Kc8
62. Rg8+ Kc7 63. Rg7+ Kc6 64. Rg6+ Kc5 65. Kxh2 Rxa5 66. f4
Ra3 67. Kg2 Rb3 68. Re6 Kd5 69. f5 a5 70. Re1 Rb6 71. Kg3 a4
72. Kf4 a3 73. Rd1+ Kc4 74. Rc1+ Kd4 75. Rd1+ Kc3 76. Ke5 a2
0-1

[Event "European Individual Championships"]
[Site "Dresden GER"]
[Date "2007.04.05"]
[EventDate "2007.04.03"]
[Round "3"]
[Result "1-0"]
[White "Sergey Karjakin"]
[Black "Boris Bruned"]
[WhiteElo "2678"]
[BlackElo "2211"]
[PlyCount "79"]

1. d4 Nf6 2. c4 e6 3. Nc3 Bb4 4. e3 c5 5. Nge2 cxd4 6. exd4
O-O 7. a3 Be7 8. d5 exd5 9. cxd5 Bc5 10. b4 Bb6 11. Na4 Re8
12. Nxb6 axb6 13. h3 d6 14. Be3 Ne4 15. Qd4 Nd7 16. Nf4 Qe7
17. Bb5 Ng3 18. fxg3 Qxe3+ 19. Qxe3 Rxe3+ 20. Kf2 Rc3 21. Rhc1
Rxc1 22. Rxc1 Nf6 23. g4 g5 24. Nh5 Nxd5 25. Bc4 Nc7 26. Bxf7+
Kxf7 27. Rxc7+ Ke6 28. Rxh7 Rxa3 29. Rc7 Ra8 30. Ke3 Ke5
31. Re7+ Be6 32. Ng7 Ra3+ 33. Kf2 Ra2+ 34. Kg3 Ra3+ 35. Kh2
Kf6 36. Rxe6+ Kxg7 37. Rxd6 Re3 38. Rxb6 Re7 39. g3 Kg8
40. Rg6+ 1-0

[Event "European Individual Championships"]
[Site "Dresden GER"]
[Date "2007.04.09"]
[EventDate "2007.04.03"]
[Round "7"]
[Result "1-0"]
[White "Sergey Karjakin"]
[Black "Andrey Orlov"]
[WhiteElo "2686"]
[BlackElo "2447"]
[PlyCount "103"]

1. e4 e5 2. Nf3 Nf6 3. Nxe5 d6 4. Nf3 Nxe4 5. d4 Be7 6. Bd3
Nf6 7. h3 Nbd7 8. c4 O-O 9. Nc3 Re8 10. Qc2 Nf8 11. Be3 c6
12. O-O Bd7 13. Rfe1 Ng6 14. Rab1 Qc8 15. b4 Bd8 16. Ng5 d5
17. Bd2 Bb6 18. c5 Bc7 19. b5 Rxe1+ 20. Rxe1 Qf8 21. Rb1 Qd8
22. a4 Nf8 23. Ne2 h6 24. Nf3 Ne6 25. Bf5 Qe8 26. Be3 Nf8
27. Bd3 Ne6 28. Bd2 Qd8 29. Re1 Qb8 30. Be3 Kh8 31. Qc1 Qf8
32. Ng3 Bxg3 33. fxg3 Ne4 34. Ne5 Be8 35. Bxe4 dxe4 36. Qb1 f6
37. Nc4 cxb5 38. axb5 Nc7 39. Nd6 Rb8 40. Bf4 Bg6 41. Qa2 a6
42. b6 Ne8 43. Nxe4 Rd8 44. Qf2 Qf7 45. c6 Rc8 46. c7 Qb3
47. d5 Qxd5 48. Nc5 Bf7 49. Re7 Kg8 50. Rd7 Qc6 51. Rd8 Be6
52. Qe3 1-0

[Event "European Individual Championships"]
[Site "Dresden GER"]
[Date "2007.04.11"]
[EventDate "2007.04.03"]
[Round "8"]
[Result "0-1"]
[White "Marc Narciso Dublan"]
[Black "Sergey Karjakin"]
[WhiteElo "2539"]
[BlackElo "2686"]
[PlyCount "49"]

1. e4 c5 2. Nf3 d6 3. d4 cxd4 4. Nxd4 Nf6 5. Nc3 a6 6. Bg5 e6
7. f4 Qc7 8. Qf3 b5 9. Bxf6 gxf6 10. Bd3 b4 11. Nce2 Nd7
12. O-O h5 13. a3 bxa3 14. Rxa3 Bb7 15. Kh1 f5 16. Qe3 Rg8
17. Rf3 Nf6 18. exf5 Ng4 19. Qg1 e5 20. Rc3 Qb6 21. Rb3 Qa7
22. Rg3 h4 23. Rh3 exd4 24. Nxd4 Bg7 25. f6 0-1

[Event "European Individual Championships"]
[Site "Dresden GER"]
[Date "2007.04.13"]
[EventDate "2007.04.03"]
[Round "10"]
[Result "1-0"]
[White "Sergey Karjakin"]
[Black "Falko Bindrich"]
[WhiteElo "2686"]
[BlackElo "2469"]
[PlyCount "27"]

1. Nf3 Nf6 2. c4 b6 3. g3 Bb7 4. Bg2 e6 5. d4 Be7 6. Nc3 O-O
7. Qc2 c5 8. d5 exd5 9. cxd5 Nxd5 10. Qe4 Nb4 11. Qxb7 N8c6
12. Bf4 g5 13. O-O-O gxf4 14. a3 1-0

[Event "Russian Team Championship"]
[Site "Sochi RUS"]
[Date "2007.05.02"]
[EventDate "2007.05.02"]
[Round "1"]
[Result "1-0"]
[White "Sergey Karjakin"]
[Black "Andrey Rychagov"]
[WhiteElo "2686"]
[BlackElo "2571"]
[PlyCount "43"]

1. e4 e6 2. d4 d5 3. Nc3 dxe4 4. Nxe4 Nd7 5. Nf3 Ngf6 6. Nxf6+
Nxf6 7. c3 c5 8. Be3 Qc7 9. Ne5 a6 10. Qa4+ Nd7 11. O-O-O cxd4
12. Nxd7 Bxd7 13. Qxd4 Bc6 14. Bc4 Rd8 15. Qg4 Bd7 16. Bb3 Qa5
17. Bg5 Rc8 18. Rhe1 h5 19. Bxe6 Ba3 20. Bxd7+ Kf8 21. Qg3 h4
22. Qe5 1-0

[Event "Russian Team Championship"]
[Site "Sochi RUS"]
[Date "2007.05.10"]
[EventDate "2007.05.02"]
[Round "9"]
[Result "1-0"]
[White "Sergey Karjakin"]
[Black "Alexander Grischuk"]
[WhiteElo "2686"]
[BlackElo "2717"]
[PlyCount "153"]

1. e4 c5 2. Nf3 d6 3. d4 cxd4 4. Nxd4 Nf6 5. Nc3 a6 6. Be3 Ng4
7. Bg5 h6 8. Bh4 g5 9. Bg3 Bg7 10. h3 Ne5 11. f3 Nbc6 12. Bf2
Ng6 13. Qd2 Qa5 14. Nd5 Qxd2+ 15. Kxd2 Bxd4 16. Bxd4 Nxd4
17. Nc7+ Kd7 18. Nxa8 Kc6 19. a4 Be6 20. Ra3 Rxa8 21. Rd3 Kc5
22. b4+ Kxb4 23. Rxd4+ Kc5 24. Rd3 Ne5 25. Rc3+ Nc4+ 26. Bxc4
Bxc4 27. h4 d5 28. hxg5 hxg5 29. Rh5 d4 30. Ra3 f6 31. Ra1 Kd6
32. Rah1 a5 33. Rb1 b5 34. axb5 a4 35. b6 a3 36. b7 Rb8
37. Rhh1 Kc5 38. c3 dxc3+ 39. Kxc3 Bb5 40. Ra1 Rxb7 41. Rxa3
Rd7 42. Kc2 Kd6 43. Kd2 Ke6+ 44. Ke3 Kf7 45. Rc1 Rb7 46. Rc5
Bd7 47. Ra6 Bb5 48. Ra5 Bd7 49. e5 f5 50. Kd4 Rb4+ 51. Kc3 Rb7
52. g3 Be6 53. Ra3 f4 54. gxf4 gxf4 55. Kd3 Kg6 56. Ra8 Rd7+
57. Ke2 Rd5 58. Rxd5 Bxd5 59. Rf8 Kg5 60. Re8 Kf5 61. Rxe7 Be6
62. Kd3 Kxe5 63. Re8 Kd5 64. Rh8 Bf7 65. Rf8 Bg6+ 66. Kc3 Ke5
67. Rg8 Bf5 68. Rg5 Kf6 69. Rh5 Bc8 70. Rb5 Bd7 71. Ra5 Bc8
72. Rb5 Bd7 73. Rc5 Ke6 74. Kd4 Kd6 75. Ra5 Bc6 76. Ra6 Kd7
77. Rxc6 1-0

[Event "4th FIDE Grand Prix"]
[Site "Nalchik RUS"]
[Date "2009.04.28"]
[EventDate "2009.04.15"]
[Round "12"]
[Result "1-0"]
[White "Sergey Karjakin"]
[Black "Peter Svidler"]
[WhiteElo "2721"]
[BlackElo "2726"]
[PlyCount "103"]

1. e4 e5 2. Nf3 Nc6 3. Bb5 a6 4. Ba4 Nf6 5. O-O Be7 6. Re1 b5
7. Bb3 d6 8. c3 O-O 9. h3 Re8 10. d4 Bb7 11. Nbd2 Bf8 12. a3
h6 13. Bc2 Nb8 14. a4 Nbd7 15. Bd3 c6 16. b3 g6 17. Ba3 Qc7
18. Qc2 Rad8 19. Rad1 Bg7 20. axb5 axb5 21. dxe5 Nxe5 22. Nxe5
Rxe5 23. c4 bxc4 24. Nxc4 Ree8 25. Bb4 Qb8 26. Ba5 Rd7 27. Bc3
Rde7 28. Qb2 Re6 29. Ne3 d5 30. exd5 cxd5 31. b4 Qd6 32. Bf1
Nh5 33. Bxg7 Nxg7 34. b5 h5 35. Nc4 Qc7 36. Rxe6 Nxe6 37. b6
Qc5 38. Ne5 d4 39. Qb5 Rc8 40. Qd7 Qxe5 41. Qxb7 Rb8 42. Qa7
Qd6 43. Rb1 Rd8 44. b7 Qb8 45. Ra1 Qc7 46. Bc4 Qxc4 47. b8=Q
Rxb8 48. Qxb8+ Kh7 49. Ra7 Ng7 50. Qc7 Qxc7 51. Rxc7 Kg8
52. Rc8+ 1-0

[Event "World Blitz Championship"]
[Site "Moscow RUS"]
[Date "2009.11.16"]
[EventDate "2009.11.16"]
[Round "2"]
[Result "1-0"]
[White "Sergey Karjakin"]
[Black "Evgeny Bareev"]
[WhiteElo "2723"]
[BlackElo "2634"]
[PlyCount "85"]

1. e4 c6 2. d4 d5 3. e5 Bf5 4. Nf3 e6 5. Be2 c5 6. O-O Nc6
7. c3 Bg6 8. Be3 cxd4 9. Nxd4 Nge7 10. f4 Nf5 11. Nxf5 Bxf5
12. Nd2 h5 13. Nf3 Be7 14. Nd4 Nxd4 15. Bxd4 g6 16. Qb3 b6
17. Rfd1 O-O 18. g3 Qc7 19. Rd2 Be4 20. a4 Bc5 21. Qd1 Kg7
22. Kf2 a5 23. h3 Rab8 24. Rc1 Rfc8 25. Bb5 Qe7 26. Qe2 Bf5
27. Kg2 Be4+ 28. Kh2 Rc7 29. Qe3 Rbc8 30. Rf1 Rb8 31. Rff2
Rbc8 32. Kg1 Rb8 33. Be2 Rcc8 34. Bf3 Bxf3 35. Qxf3 b5
36. axb5 Rxb5 37. g4 Bxd4 38. Rxd4 hxg4 39. hxg4 Rh8 40. Rdd2
Qh4 41. f5 d4 42. fxe6 Rb7 43. Qxb7 1-0

[Event "World Blitz Championship"]
[Site "Moscow RUS"]
[Date "2009.11.17"]
[EventDate "2009.11.16"]
[Round "15"]
[Result "1-0"]
[White "Sergey Karjakin"]
[Black "Judit Polgar"]
[WhiteElo "2723"]
[BlackElo "2680"]
[PlyCount "68"]

1. d4 Nf6 2. c4 g6 3. Nc3 Bg7 4. e4 d6 5. Nf3 O-O 6. Be2 e5
7. O-O Nc6 8. d5 Ne7 9. b4 Nd7 10. a4 h6 11. Ba3 f5 12. c5 Nf6
13. Nd2 fxe4 14. Ndxe4 Nf5 15. b5 b6 16. cxd6 cxd6 17. Nxf6+
Bxf6 18. Ne4 Be7 19. Bg4 Nd4 20. Rc1 Rf4 21. Bxc8 Rxe4 22. Qd3
Rh4 23. Qxg6+ Kh8 24. Bf5 Qg8 25. Rc7 Qxg6 26. Bxg6 Rg8
27. Rxe7 Rxg6 28. Kh1 Ne2 29. Rxa7 Rd4 30. a5 Rxd5 31. axb6
Rg8 32. b7 Nc3 33. Ra8 Rxb5 34. Bxd6 Ne4 1-0

[Event "World Blitz Championship"]
[Site "Moscow RUS"]
[Date "2009.11.17"]
[EventDate "2009.11.16"]
[Round "26"]
[Result "1-0"]
[White "Sergey Karjakin"]
[Black "Ruslan Ponomariov"]
[WhiteElo "2723"]
[BlackElo "2739"]
[PlyCount "89"]

1. e4 e5 2. Nf3 Nc6 3. Bb5 Nf6 4. d3 d6 5. c3 g6 6. Bg5 Bg7
7. Nbd2 Bd7 8. Nf1 h6 9. Bh4 Ne7 10. Bc4 O-O 11. Ne3 g5
12. Bg3 Ng6 13. O-O Nf4 14. Re1 Kh8 15. Qc2 N6h5 16. d4 Qf6
17. Rad1 Rad8 18. Nf5 Bxf5 19. dxe5 dxe5 20. Rxd8 Qxd8
21. exf5 Qd6 22. Nd2 Qc6 23. Qe4 Qb6 24. b4 Nf6 25. Qe3 N6d5
26. Qxb6 axb6 27. Ne4 Ra8 28. Bxf4 Nxf4 29. f6 Bf8 30. Bxf7
Bd6 31. g3 Nd3 32. Rd1 Nb2 33. Rd2 Na4 34. Bb3 b5 35. Nxd6
cxd6 36. Rxd6 Nxc3 37. f7 Kg7 38. Re6 Rf8 39. Rxe5 Kf6 40. Re8
Kg7 41. Kg2 Nb1 42. f4 gxf4 43. gxf4 Nd2 44. Bd5 b6 45. f5 1-0

[Event "ACP World Rapid Cup"]
[Site "Odessa UKR"]
[Date "2010.05.27"]
[EventDate "2010.05.27"]
[Round "1.4"]
[Result "0-1"]
[White "Yuri Drozdovskij"]
[Black "Sergey Karjakin"]
[WhiteElo "2625"]
[BlackElo "2739"]
[PlyCount "72"]

1. d4 Nf6 2. c4 e6 3. Nf3 b6 4. g3 Ba6 5. b3 Bb4+ 6. Bd2 Be7
7. Bg2 c6 8. O-O d5 9. Qc2 O-O 10. Rd1 Nbd7 11. a4 c5 12. Na3
Bb7 13. Qb2 Ne4 14. Be1 Bf6 15. e3 a6 16. b4 Rb8 17. Rac1 Qe7
18. Ne5 Rfd8 19. f4 g6 20. Qb1 Bg7 21. bxc5 bxc5 22. Ba5 Rdc8
23. Qd3 Nxe5 24. fxe5 Bh6 25. Rb1 Bc6 26. Rf1 Bxa4 27. cxd5
exd5 28. Bh3 c4 29. Bxc8 Rxc8 30. Nxc4 Rxc4 31. Rb8+ Be8
32. Qb3 Qe6 33. Kg2 Rc8 34. Qb7 Rc2+ 35. Kh1 Nxg3+ 36. Kg1
Bxe3+ 0-1

[Event "ACP World Rapid Cup"]
[Site "Odessa UKR"]
[Date "2010.05.28"]
[EventDate "2010.05.27"]
[Round "2.2"]
[Result "1-0"]
[White "Sergey Karjakin"]
[Black "Alexey Shirov"]
[WhiteElo "2739"]
[BlackElo "2742"]
[PlyCount "73"]

1. e4 e5 2. Nf3 Nc6 3. Bb5 a6 4. Bxc6 dxc6 5. O-O Bg4 6. h3 h5
7. d3 Qf6 8. Nbd2 Ne7 9. Re1 Ng6 10. d4 Nf4 11. hxg4 hxg4
12. g3 gxf3 13. Qxf3 Ne6 14. dxe5 Qxe5 15. Nb3 g6 16. Bd2 c5
17. Rad1 Rd8 18. Kg2 Bg7 19. c3 c4 20. Nd4 Nxd4 21. cxd4 Rxd4
22. Bc3 c5 23. b3 b5 24. bxc4 bxc4 25. Rh1 O-O 26. Rh4 Qf6
27. Qe2 Qc6 28. Qe3 Rfd8 29. Rdh1 Re8 30. f3 Qa4 31. Qe2 Red8
32. Rh7 Qa3 33. Qc2 Bf6 34. e5 Bxe5 35. Bxd4 Rxd4 36. Qe2 Qc3
37. Rh8+ 1-0

[Event "ACP World Rapid Cup"]
[Site "Odessa UKR"]
[Date "2010.05.28"]
[EventDate "2010.05.27"]
[Round "2.5"]
[Result "0-1"]
[White "Alexey Shirov"]
[Black "Sergey Karjakin"]
[WhiteElo "2742"]
[BlackElo "2739"]
[PlyCount "84"]

1. e4 e5 2. Nf3 Nc6 3. Bb5 a6 4. Ba4 Nf6 5. O-O Be7 6. Re1 b5
7. Bb3 d6 8. c3 O-O 9. h3 Bb7 10. d4 Re8 11. Nbd2 Bf8 12. d5
Nb8 13. Nf1 Nbd7 14. N3h2 Nc5 15. Bc2 c6 16. b4 Ncd7 17. dxc6
Bxc6 18. Bg5 Qc7 19. Bxf6 Nxf6 20. Ng4 Nxg4 21. hxg4 Be7
22. Ne3 Bg5 23. Bb3 a5 24. Nd5 Qb7 25. bxa5 Rxa5 26. Qf3 Rf8
27. Rad1 Bd7 28. Ne3 Ra6 29. Nf5 Qc7 30. Rd3 g6 31. Ne3 Kg7
32. Nd5 Qc8 33. Nb4 Rb6 34. Qd1 Bxg4 35. f3 Be6 36. g3 h5
37. Kg2 h4 38. Rxd6 Rxd6 39. Qxd6 Bh3+ 40. Kg1 hxg3 41. Qxe5+
Bf6 42. Qxg3 Qc5+ 0-1

[Event "Poikovsky Tournament"]
[Site "Poikovsky RUS"]
[Date "2010.06.13"]
[EventDate "2010.06.02"]
[Round "11"]
[Result "1-0"]
[White "Sergey Karjakin"]
[Black "Emil Sutovsky"]
[WhiteElo "2739"]
[BlackElo "2661"]
[PlyCount "115"]

1. e4 e6 2. d4 d5 3. Nc3 Bb4 4. e5 Ne7 5. a3 Bxc3+ 6. bxc3 c5
7. Qg4 cxd4 8. Qxg7 Rg8 9. Qxh7 Qc7 10. Ne2 Nbc6 11. f4 dxc3
12. Nxc3 Nd4 13. Bb2 Bd7 14. O-O-O Qb6 15. Qd3 Ndf5 16. Nb5
Rc8 17. g3 Rc4 18. Nd6+ Nxd6 19. exd6 Nf5 20. Kb1 Ba4 21. Rd2
Kd7 22. Bh3 Nd4 23. f5 e5 24. f6+ Kxd6 25. c3 e4 26. Qe3 Nb5
27. Qxb6+ axb6 28. Rc1 d4 29. cxd4 e3 30. Re2 Rxc1+ 31. Kxc1
Re8 32. Re1 Nc7 33. Bf5 Nd5 34. h4 Nxf6 35. d5 Nh5 36. g4 Nf4
37. h5 Ng2 38. Re2 Nf4 39. Re1 Bd7 40. Bxd7 Nd3+ 41. Kd1 Kxd7
42. Bg7 Nxe1 43. Kxe1 Rc8 44. h6 Rc1+ 45. Ke2 Rh1 46. Kxe3 Ke7
47. Kf4 Rh3 48. g5 Kd6 49. Kf5 Rh1 50. Bf8+ Kd7 51. Kf6 Ke8
52. Bb4 Rh5 53. d6 b5 54. Bc5 Kd7 55. Bb4 Ke8 56. Bd2 Rh2
57. Kg7 f6 58. g6 1-0

[Event "World Blitz Championship"]
[Site "Moscow RUS"]
[Date "2010.11.18"]
[EventDate "2010.11.16"]
[Round "35"]
[Result "0-1"]
[White "Sergei Movsesian"]
[Black "Sergey Karjakin"]
[WhiteElo "2721"]
[BlackElo "2760"]
[PlyCount "122"]

1. e4 e5 2. Nf3 Nc6 3. Bb5 Nf6 4. d3 Bc5 5. c3 O-O 6. O-O d6
7. Nbd2 a6 8. Bxc6 bxc6 9. d4 exd4 10. cxd4 Bb6 11. Qc2 Re8
12. h3 Nxe4 13. Nxe4 Bf5 14. Bg5 Bxe4 15. Qxe4 Rxe4 16. Bxd8
Rxd8 17. Rac1 c5 18. dxc5 Bxc5 19. Rfe1 Rde8 20. Rxe4 Rxe4
21. Kf1 Kf8 22. Nd2 Rb4 23. b3 Ke7 24. Ke2 Kd7 25. f3 Rb8
26. Ne4 Bb6 27. Kd3 f5 28. Nc3 c6 29. Re1 Rf8 30. Na4 Ba7
31. Nb2 Rb8 32. Nc4 Rb5 33. Re2 Rd5+ 34. Kc2 h5 35. Re1 h4
36. Re2 Rc5 37. Kd3 Rb5 38. Kc2 Rb8 39. Kd3 Bc5 40. Re1 Re8
41. Rxe8 Kxe8 42. f4 Kd7 43. Nd2 Bb6 44. Nf3 Bd8 45. b4 Bf6
46. Kc4 Kc7 47. Nd2 Kb6 48. Kb3 d5 49. Nf1 Bd4 50. Nd2 c5
51. bxc5+ Kxc5 52. Nf3 Bf6 53. a3 Kb5 54. Ne1 a5 55. a4+ Kc5
56. Nf3 d4 57. Nd2 d3 58. Nf3 Kd5 59. Ka2 Ke4 60. Kb3 Kxf4
61. Kc4 Ke3 0-1

[Event "Russian Championship Superfinal"]
[Site "Moscow RUS"]
[Date "2010.12.12"]
[EventDate "2010.12.11"]
[Round "2"]
[Result "0-1"]
[White "Vadim Zvjaginsev"]
[Black "Sergey Karjakin"]
[WhiteElo "2676"]
[BlackElo "2760"]
[PlyCount "66"]

1. e4 c5 2. Nf3 d6 3. d4 cxd4 4. Qxd4 Nc6 5. Bb5 Bd7 6. Bxc6
Bxc6 7. Nc3 Nf6 8. Bg5 e6 9. Bxf6 Qxf6 10. Qe3 Qd8 11. O-O-O
Be7 12. Kb1 O-O 13. Nd4 Bd7 14. f4 Qa5 15. g4 b5 16. g5 b4
17. Nce2 Qc5 18. h4 a5 19. Qf3 Rfc8 20. Rc1 a4 21. c4 bxc3
22. Rxc3 Qb6 23. Rhc1 Rc5 24. Rxc5 dxc5 25. Nc2 Rb8 26. Qc3
Bb5 27. Ng3 Bd3 28. Ka1 c4 29. a3 Qf2 30. Qe5 Rb3 31. Nh5 Bf8
32. Nb4 Qf3 33. Nxd3 Rxd3 0-1